Wiley survival guide in global telecommunications : (Record no. 175723)
[ view plain ]
| 000 -LEADER | |
|---|---|
| fixed length control field | 01217 a2200253 4500 |
| 003 - CONTROL NUMBER IDENTIFIER | |
| control field | Nust |
| 005 - DATE AND TIME OF LATEST TRANSACTION | |
| control field | 20220818105429.0 |
| 010 ## - LIBRARY OF CONGRESS CONTROL NUMBER | |
| LC control number | 2004041197 |
| 020 ## - INTERNATIONAL STANDARD BOOK NUMBER | |
| International Standard Book Number | 0471446084 (cloth) |
| 040 ## - CATALOGING SOURCE | |
| Transcribing agency | Nust |
| 082 00 - DEWEY DECIMAL CLASSIFICATION NUMBER | |
| Classification number | 621.3822,DES |
| 100 1# - MAIN ENTRY--PERSONAL NAME | |
| Personal name | Desurvire, Emmanuel, |
| 9 (RLIN) | 62720 |
| 245 10 - TITLE STATEMENT | |
| Title | Wiley survival guide in global telecommunications : |
| Remainder of title | signaling principles, network protocols, and wireless systems / |
| Statement of responsibility, etc. | Emmanuel Desurvire. |
| 260 ## - PUBLICATION, DISTRIBUTION, ETC. | |
| Place of publication, distribution, etc. | Hoboken, N.J. : |
| Name of publisher, distributor, etc. | Wiley-Interscience, |
| Date of publication, distribution, etc. | c2004. |
| 300 ## - PHYSICAL DESCRIPTION | |
| Extent | xxvii, 408 p. : |
| Other physical details | ill ; |
| Dimensions | 25 cm. |
| 440 #0 - SERIES STATEMENT/ADDED ENTRY--TITLE | |
| Title | Wiley survival guides in engineering and science |
| 9 (RLIN) | 97951 |
| 505 ## - FORMATTED CONTENTS NOTE | |
| Formatted contents note | Signal Modulation, Coding, Detection and Processing (Page-11), Telephony and Data Networking (Page-91), An Overview of Core Network Transmission Protocols (Page-133), Wireless Communications (Page-205), |
| 650 #0 - SUBJECT ADDED ENTRY--TOPICAL TERM | |
| Topical term or geographic name entry element | Computer networks. |
| 9 (RLIN) | 3677 |
| 650 #0 - SUBJECT ADDED ENTRY--TOPICAL TERM | |
| Topical term or geographic name entry element | Signal processing. |
| 856 42 - ELECTRONIC LOCATION AND ACCESS | |
| Materials specified | Contributor biographical information |
| Uniform Resource Identifier | <a href="http://www.loc.gov/catdir/bios/wiley047/2004041197.html">http://www.loc.gov/catdir/bios/wiley047/2004041197.html</a> |
| 856 42 - ELECTRONIC LOCATION AND ACCESS | |
| Materials specified | Publisher description |
| Uniform Resource Identifier | <a href="http://www.loc.gov/catdir/description/wiley042/2004041197.html">http://www.loc.gov/catdir/description/wiley042/2004041197.html</a> |
| 856 42 - ELECTRONIC LOCATION AND ACCESS | |
| Materials specified | Table of contents |
| Uniform Resource Identifier | <a href="http://www.loc.gov/catdir/toc/wiley041/2004041197.html">http://www.loc.gov/catdir/toc/wiley041/2004041197.html</a> |
| 942 ## - ADDED ENTRY ELEMENTS (KOHA) | |
| Koha item type | Reference |
| Source of classification or shelving scheme | |
| Withdrawn status | Lost status | Source of classification or shelving scheme | Damaged status | Not for loan | Permanent Location | Current Location | Shelving location | Date acquired | Full call number | Barcode | Date last seen | Price effective from | Koha item type | Public note |
|---|---|---|---|---|---|---|---|---|---|---|---|---|---|---|
| Military College of Signals (MCS) | Military College of Signals (MCS) | Reference | 12/12/2016 | 621.3822,DES | MCS31269 | 12/08/2016 | 12/12/2016 | Reference | Almirah No.22, Shelf No.4 |
